00427nam a2200133Ia 4500003000900000008004100009040003300050041000800083080001500091100001700106245008900123260006600212300001500278LK-CoDNM010623t1982 xxu||||| |||| 00| 1 eng d aLK-CoDNMdLK-CoDNMeLK-CoDNM aeng a335.5bKIM aSung, Kim Il aTasks of the People's Government in Modelling the Whole of Society on the Juche Idea b Foreign Languages Publishing House a Pyongyang, Koreac1982 b35p, 19 cm